GIS at the Alexander von Humboldt Institute, Colombia (Registro nro. 12946)

Detalles MARC
000 -CABECERA
Campo de control 005350000a22001810004500
090 ## - CLASIFICACIÓN LOCAL
Colección AR
Consecutivo 03911
041 0# - IDIOMA
Código de idioma para texto/pista de sonido o título separado
100 1# - ASIENTO PRINCIPAL--NOMBRE PERSONAL
Nombre personal Armenteras, Dolors
245 10 - MENCION DE TITULO
Título GIS at the Alexander von Humboldt Institute, Colombia
260 ## - PUBLICACION, DISTRIBUCION, ETC. (PIE DE IMPRENTA)
Nombre del editor, distribuidor, etc. ESRI Press
Fecha de publicación, distribución, etc. 2001
300 ## - DESCRIPCION FISICA
Extensión 199
500 ## - NOTA GENERAL
Nota general <Contribución Humboldt>
650 14 - ASIENTO SECUNDARIO DE MATERIA - TERMINO TEMATICO
Término temático o nombre geográfico como elemento de entrada Sistemas de información geográficos
650 14 - ASIENTO SECUNDARIO DE MATERIA - TERMINO TEMATICO
Término temático o nombre geográfico como elemento de entrada Mapas ecológicos
651 #4 - ASIENTO SECUNDARIO DE MATERIA - NOMBRE GEOGRAFICO
-- Colombia
773 1# - Item fuente:
Título In Convis, Charles L. ed./ Conservation Geography
942 ## - ELEMENTOS ADICIONALES (KOHA)
Tipo de ítem Artículo
Existencias
Withdrawn status Lost status Damaged status No para préstamo Colección Ubicación Permanente Ubicación actual Fecha de adquisición Datos de publicación Seriada Total Checkouts Número topográfico Inventario / Código de Barras Date last seen Ejemplar Price effective from Forma de adquisición Tipo de material
      No para Préstamo Hemeroteca Bogotá Bogotá 27/02/2015 Fuera de circulación   AR 03911 017462 25/03/2015 1 25/03/2015   Artículo